00618 2200241 4500001002100000005001500021035002000036007000300056008004100059020001800100082000800118084001400126100001400140245007500154250001000229260002900239300003600268650000900304700001500313504002500328990001100353990001200364INLIS00000000000636620210216030602 a0010-0221000130ta210216 b 0 ind  a979-465-333-0 a552 a552 NAS b0 aNASIN, M.1 aBatu :bAku Memiliki Banyak Manfaat /cM. Nasin; penyunting, Anno D.S. acet.1 aBandung :bE Kids,c2006 a56 hal. :bilus. ;c15 x 21 cm. 4aBATU0 aANNO, D.S. aBibliografi : hal.56 a7839 a a11895 a